| 000 | 00409nam a22001577a 4500 | ||
|---|---|---|---|
| 005 | 20180703115427.0 | ||
| 008 | 160426b xxu||||| |||| 00| 0 eng d | ||
| 020 | _a0-07-062019-9 | ||
| 041 | _aeng | ||
| 082 |
_b00024 _a658.0072 |
||
| 100 |
_aCooper, Donald R. AND Schindler,Pamela S. _94430 |
||
| 245 | _aBusiness Research Methods | ||
| 260 |
_aNew Delhi _bTata Mc Graw Hill _c2006 |
||
| 300 | _a757p, | ||
| 942 | _cBK | ||
| 999 |
_c5 _d5 |
||